[Event "28. Cappelle Open"]
[Site "Cappelle la Grande FRA"]
[Date "2012.03.09"]
[Round "8"]
[White "Neverov, V"]
[Black "Solak, Dragan"]
[Result "1/2-1/2"]
[WhiteElo "2544"]
[BlackElo "2602"]
[EventDate "2012.03.03"]

1.d4 d5 2.c4 c6 3.Nf3 Nf6 4.e3 Bf5 5.Nc3 e6 6.Nh4 Bg6 7.Be2 Nbd7 8.O-O Ne4
9.g3 Nd6 10.cxd5 cxd5 11.f3 Be7 12.Nxg6 hxg6 13.Nb5 a6 14.Nxd6+ Bxd6 15.
Rf2 O-O 16.Bf1 Nf6 17.Bd2 e5 18.Qb3 Qe7 19.Rc1 Rfe8 20.Bh3 g5 21.Be1 b5 
22.Rfc2 b4 23.Bf2 a5 24.Qa4 g6 25.Rc6 Kg7 26.Rb6 Rh8 27.Bg2 Rhc8 28.Rcc6 
Rxc6 29.Qxc6 Rd8 30.Bh3 exd4 31.Rb7 Qe5 32.exd4 Qe2 33.Qb6 g4 34.Bxg4 Nxg4
35.fxg4 Rc8 36.Qxd6 Rc1+ 37.Kg2 Qf1+ 38.Kf3 Qd3+ 39.Kg2 Qf1+ 40.Kf3 Qd3+ 
41.Kf4 Qd2+ 1/2-1/2

[Event "28. Cappelle Open"]
[Site "Cappelle la Grande FRA"]
[Date "2012.03.09"]
[Round "8"]
[White "Fier, Alexandr"]
[Black "Kharitonov, Alexandr"]
[Result "1/2-1/2"]
[WhiteElo "2599"]
[BlackElo "2542"]
[EventDate "2012.03.03"]

1.d4 d5 2.c4 c6 3.Nf3 Nf6 4.Nc3 dxc4 5.a4 e6 6.e4 Bb4 7.Bg5 Bxc3+ 8.bxc3 
Qa5 9.e5 Ne4 10.Rc1 b5 11.Qc2 Nxg5 12.Nxg5 Qxa4 13.Qxa4 bxa4 14.Bxc4 Nd7 
15.Bd3 Ke7 16.Ra1 Bb7 17.Rxa4 c5 18.Ne4 cxd4 19.cxd4 a5 20.Nd6 1/2-1/2

[Event "28. Cappelle Open"]
[Site "Cappelle la Grande FRA"]
[Date "2012.03.09"]
[Round "8"]
[White "Durarbayli, V"]
[Black "Sandipan, Chanda"]
[Result "1-0"]
[WhiteElo "2543"]
[BlackElo "2595"]
[EventDate "2012.03.03"]

1.c4 c6 2.Nf3 d5 3.e3 Nf6 4.d4 Bf5 5.Nc3 e6 6.Nh4 Be4 7.f3 Bg6 8.Qb3 Qb6 
9.Nxg6 hxg6 10.Bd2 Nbd7 11.O-O-O Qxb3 12.axb3 Bd6 13.h3 Nh5 14.Bd3 Ng3 15.
Rhe1 Nf5 16.Kb1 Bg3 17.Re2 Nf6 18.b4 dxc4 19.Bxc4 a6 20.Bb3 O-O-O 21.Na4 
Nd5 22.Nc5 Nc7 23.f4 Nb5 24.Bc1 Bh4 25.g4 Ne7 26.g5 Nf5 27.Rg2 b6 28.Nd3 
Nbd6 29.Ne5 Kb7 30.Bc2 Rh5 31.Rdg1 Rdh8 32.Bd2 b5 33.Bd1 R5h7 34.Bf3 Ne7 
35.Rc1 Rc8 36.b3 Rhh8 37.Nd3 Ndf5 38.Kb2 Nd5 39.e4 Nxd4 40.Bd1 Nc7 41.Be3 
Rcd8 42.Rd2 e5 43.Nxe5 Nde6 44.Nxf7 Rxd2+ 45.Bxd2 Rf8 46.Nd6+ Kb8 47.f5 
gxf5 48.exf5 Bxg5 49.Rxc6 Bxd2 50.Rb6+ Ka7 51.Rb7+ Ka8 52.Bf3 Nd4 53.Bh1 
1-0

[Event "28. Cappelle Open"]
[Site "Cappelle la Grande FRA"]
[Date "2012.03.09"]
[Round "8"]
[White "Burmakin, Vladimir"]
[Black "Apicella, Manuel"]
[Result "1/2-1/2"]
[WhiteElo "2592"]
[BlackElo "2541"]
[EventDate "2012.03.03"]

1.Nf3 Nf6 2.b3 d6 3.d4 g6 4.Bb2 Bg7 5.g3 O-O 6.Bg2 Nbd7 7.O-O e5 8.dxe5 
dxe5 9.Nxe5 Ng4 10.Nxd7 Bxb2 11.Nxf8 Qxf8 12.Nd2 Bxa1 13.Qxa1 Nxh2 14.Kxh2
Qh6+ 15.Kg1 Qxd2 16.Rd1 Qg5 17.Qd4 Bg4 18.Bxb7 Re8 19.Bf3 Bxf3 20.exf3 Qf5
21.Qd7 Re6 22.Qd8+ Kg7 23.Qd3 Qxd3 24.Rxd3 Rc6 25.c4 Ra6 26.Rd7 Rxa2 27.
Rxc7 a5 28.f4 Rb2 29.Ra7 Rxb3 30.Rxa5 Rc3 31.Rc5 Kf6 32.Rc7 h5 33.Kg2 Ke6 
34.c5 Kf6 35.c6 Ke6 36.Kf1 h4 37.Kg2 hxg3 38.fxg3 Rc5 39.Kh3 g5 40.Kg4 
gxf4 41.gxf4 Rc1 42.Rc8 Rg1+ 43.Kf3 Rc1 44.Ke4 Re1+ 45.Kd4 Rc1 46.f5+ Kxf5
47.Kd5 Kf4 48.Ra8 f5 49.Ra4+ Kg3 50.Rc4 Rxc4 51.Kxc4 f4 52.c7 f3 53.c8=Q 
f2 54.Qg8+ Kf3 1/2-1/2

[Event "28. Cappelle Open"]
[Site "Cappelle la Grande FRA"]
[Date "2012.03.09"]
[Round "8"]
[White "Szabo, Krisztian"]
[Black "Ramirez Alvarez, Alejandro"]
[Result "1/2-1/2"]
[WhiteElo "2538"]
[BlackElo "2591"]
[EventDate "2012.03.03"]

1.e4 e6 2.d4 d5 3.Nc3 Bb4 4.e5 c5 5.a3 Bxc3+ 6.bxc3 Ne7 7.Qg4 O-O 8.Bd3 
Nbc6 9.Qh5 Ng6 10.Nf3 Qc7 11.Be3 Nce7 12.h4 f6 13.exf6 Rxf6 14.O-O c4 15.
Bxg6 Nxg6 16.Bg5 Rf5 17.Qg4 Rf8 18.Rae1 e5 19.Qg3 Bf5 20.h5 Nf4 21.Nxe5 
Ne6 22.Re2 Nxg5 23.Qxg5 h6 24.Qg3 Be4 25.Rfe1 Qd6 26.a4 Rac8 27.f3 Bh7 28.
Qh4 Rc7 29.Ng4 Rcf7 30.Re6 Qf4 31.Re7 Rxe7 32.Rxe7 Bxc2 33.Rxb7 Bxa4 34.
Qe7 Qc1+ 35.Kh2 Qf4+ 36.Kg1 Qc1+ 37.Kh2 Qf4+ 38.Kh3 Qf7 39.Rxa7 Qxh5+ 40.
Kg3 Qg6 41.Rxa4 h5 42.Qd7 hxg4 43.Qxd5+ Kh8 44.Qe4 Qg5 45.Qxg4 Qc1 46.Qh5+
Kg8 47.Qd5+ Kh8 48.Ra8 Qf4+ 1/2-1/2

[Event "28. Cappelle Open"]
[Site "Cappelle la Grande FRA"]
[Date "2012.03.09"]
[Round "8"]
[White "Rasulov, Vugar"]
[Black "Kravtsiv, Martyn"]
[Result "0-1"]
[WhiteElo "2526"]
[BlackElo "2588"]
[EventDate "2012.03.03"]

1.e4 e5 2.Nf3 Nc6 3.Bb5 a6 4.Ba4 Nf6 5.Qe2 b5 6.Bb3 Be7 7.c3 O-O 8.O-O d5 
9.d3 Bb7 10.Bg5 dxe4 11.dxe4 Nd7 12.Be3 Na5 13.Bc2 Nc4 14.Bc1 c5 15.Rd1 
Qc7 16.Nbd2 Nxd2 17.Nxd2 c4 18.Nf1 Nc5 19.Qg4 Kh8 20.Ne3 Rad8 21.Nd5 Bxd5 
22.exd5 g6 23.b3 f5 24.Qe2 Nd7 25.bxc4 bxc4 26.Ba4 e4 27.Bh6 Ne5 28.Bxf8 
Bxf8 29.f3 Nd3 30.g3 Qc5+ 31.Kg2 Qxd5 32.h4 Bg7 33.h5 Bxc3 34.Rab1 gxh5 
35.fxe4 fxe4 36.Rh1 Rg8 37.Rbf1 Be5 38.Rh3 e3+ 39.Kh2 h4 0-1

[Event "28. Cappelle Open"]
[Site "Cappelle la Grande FRA"]
[Date "2012.03.09"]
[Round "8"]
[White "Nyzhnyk, Illya"]
[Black "Tazbir, Marcin"]
[Result "1-0"]
[WhiteElo "2585"]
[BlackElo "2513"]
[EventDate "2012.03.03"]

1.d4 Nf6 2.c4 g6 3.Nf3 Bg7 4.g3 O-O 5.Bg2 d5 6.cxd5 Nxd5 7.O-O Nb6 8.Nc3 
Nc6 9.e3 Re8 10.Re1 a5 11.Qe2 Be6 12.Nd2 Nb4 13.Rd1 c6 14.a3 N4d5 15.Nce4 
Bf5 16.Nc5 e5 17.dxe5 Qe7 18.Nd3 Bxd3 19.Qxd3 Qxe5 20.Qc2 a4 21.Rb1 Red8 
22.Nf3 Qe7 23.Bd2 f5 24.Ne1 Qf7 25.Nd3 Nd7 26.Be1 N7f6 27.Nc5 b5 28.Rbc1 
Rac8 29.b3 axb3 30.Qxb3 Bf8 31.a4 bxa4 32.Qxa4 Re8 33.Rc2 Re7 34.Rdc1 Ra7 
35.Qd4 Re7 36.Nd3 Qe8 37.Bb4 Nxb4 38.Nxb4 Kg7 39.Rxc6 Rxc6 40.Rxc6 Rf7 41.
Nd3 Be7 42.Nf4 Qb8 43.Bd5 1-0

[Event "28. Cappelle Open"]
[Site "Cappelle la Grande FRA"]
[Date "2012.03.09"]
[Round "8"]
[White "Mekhitarian, Krikor Sevag"]
[Black "Timoshenko, Georgy"]
[Result "1/2-1/2"]
[WhiteElo "2512"]
[BlackElo "2569"]
[EventDate "2012.03.03"]

1.d4 Nf6 2.c4 e6 3.Nc3 Bb4 4.Qc2 d6 5.a3 Bxc3+ 6.Qxc3 Nbd7 7.g3 O-O 8.Bg2 
e5 9.Nf3 e4 10.Nd2 Re8 11.O-O c6 12.Re1 Nf8 13.Nf1 h6 14.Ne3 Be6 15.f3 
exf3 16.exf3 Qd7 17.Bd2 Bh3 18.Bxh3 Qxh3 19.Qd3 d5 20.c5 g6 21.Ng2 h5 22.
Nf4 Qd7 23.Kg2 Rxe1 1/2-1/2

[Event "28. Cappelle Open"]
[Site "Cappelle la Grande FRA"]
[Date "2012.03.09"]
[Round "8"]
[White "Zakhartsov, Viacheslav V"]
[Black "Petkov, Vladimir"]
[Result "1/2-1/2"]
[WhiteElo "2563"]
[BlackElo "2509"]
[EventDate "2012.03.03"]

1.d4 Nf6 2.c4 Nc6 3.Nf3 e6 4.a3 d6 5.Nc3 g6 6.e4 Bg7 7.h3 O-O 8.Bg5 h6 9.
Be3 e5 10.d5 Nd4 11.Nxd4 exd4 12.Bxd4 Nxe4 13.Nxe4 Qh4 14.Bxg7 Qxe4+ 15.
Qe2 Qxe2+ 16.Bxe2 Kxg7 17.Bd3 Re8+ 18.Kd2 Kf6 19.Rhe1 Bf5 20.Rac1 g5 21.
Bxf5 Kxf5 22.c5 Re5 23.Rxe5+ Kxe5 24.Re1+ Kf6 25.cxd6 cxd6 26.Rc1 Re8 27.
Rc7 Re7 28.Rxe7 1/2-1/2

[Event "28. Cappelle Open"]
[Site "Cappelle la Grande FRA"]
[Date "2012.03.09"]
[Round "8"]
[White "Brodsky, Michail"]
[Black "Jojua, Davit"]
[Result "1-0"]
[WhiteElo "2558"]
[BlackElo "2507"]
[EventDate "2012.03.03"]

1.d4 d5 2.c4 e6 3.Nc3 Be7 4.cxd5 exd5 5.Bf4 c6 6.e3 Bf5 7.g4 Be6 8.h4 Nd7 
9.g5 h6 10.g6 fxg6 11.Bd3 Nf8 12.Qc2 g5 13.hxg5 Bxg5 14.Bg3 Bf6 15.Nge2 h5
16.O-O-O h4 17.e4 Nh6 18.Bf4 g5 19.Bd2 dxe4 20.Bxe4 Kf7 21.Be3 Rc8 22.Kb1 
Qd7 23.Qd2 Rg8 24.Bc2 Bf5 25.Ne4 Ne6 26.N2g3 Be7 27.Nxf5 Nxf5 28.Bb3 Kf8 
29.Qe2 Rg6 30.d5 Neg7 31.Nc5 Qc7 32.dxc6 bxc6 33.Qc4 1-0

[Event "28. Cappelle Open"]
[Site "Cappelle la Grande FRA"]
[Date "2012.03.09"]
[Round "8"]
[White "Riff, Jean-Noel"]
[Black "Tomczak, Jacek"]
[Result "1/2-1/2"]
[WhiteElo "2509"]
[BlackElo "2555"]
[EventDate "2012.03.03"]

1.e4 d5 2.exd5 Qxd5 3.Nc3 Qd6 4.d4 Nf6 5.Nf3 g6 6.Nb5 Qb6 7.c4 c6 8.Nc3 
Bg7 9.Be2 O-O 10.O-O Bf5 11.h3 Na6 12.c5 Qc7 13.Qa4 Ne4 14.Re1 Nxc3 15.
bxc3 Be4 16.Ng5 Bd5 17.Bxa6 bxa6 18.c4 Bxd4 19.cxd5 Bxa1 20.Bf4 Qd8 21.
Rxa1 Qxd5 22.Be3 Rad8 23.Rc1 Rd7 24.Qxa6 e5 25.Nf3 f5 26.Bh6 Re8 27.Qc4 
Qxc4 28.Rxc4 Kf7 29.Bd2 Ke6 30.Bc3 Rd1+ 31.Kh2 Rc1 32.Nxe5 Kd5 33.Rd4+ 
Kxe5 34.Rd8+ Rxc3 35.Rxe8+ Kd5 36.Re7 Ra3 37.Rxh7 Rxa2 38.Rg7 Rxf2 39.Rxa7
Re2 40.Rf7 Re6 41.h4 Kxc5 42.h5 gxh5 43.Rxf5+ Kd4 44.Rxh5 c5 45.g4 c4 46.
Kg3 c3 47.Rh1 c2 48.Kf4 Rf6+ 49.Kg5 Rc6 50.Rc1 Ke3 51.Kf5 Rc5+ 52.Ke6 Kd3 
53.Kf6 Ke4 54.g5 Rc6+ 55.Ke7 Ke5 56.Kd7 Rc3 1/2-1/2

[Event "28. Cappelle Open"]
[Site "Cappelle la Grande FRA"]
[Date "2012.03.09"]
[Round "8"]
[White "Arutinian, David"]
[Black "Sveshnikov, Evgeny"]
[Result "1/2-1/2"]
[WhiteElo "2553"]
[BlackElo "2499"]
[EventDate "2012.03.03"]

1.d4 d5 2.c4 e6 3.Nf3 Nf6 4.Nc3 c6 5.e3 Nbd7 6.Qc2 b6 7.Bd3 Bb7 8.O-O Be7 
9.b3 O-O 10.Bb2 Rc8 11.Ne5 c5 12.Rad1 cxd4 13.exd4 Bb4 14.a3 Bxc3 15.Bxc3 
a5 16.Qe2 Ne4 17.Bb2 Nxe5 18.dxe5 Nc5 19.Bc2 a4 20.Qh5 h6 21.bxa4 Qg5 22.
Qxg5 hxg5 23.cxd5 Bxd5 24.Bc1 Nd7 25.Bb1 Nxe5 26.Bxg5 Ra8 27.Rd4 Rfc8 28.
Rb4 Rc4 29.Bf4 Rxb4 30.axb4 Nc6 31.Rc1 Nxb4 32.Bd6 Nc6 33.Bc7 1/2-1/2

[Event "28. Cappelle Open"]
[Site "Cappelle la Grande FRA"]
[Date "2012.03.09"]
[Round "8"]
[White "Maiorov, Nikita BLR"]
[Black "Janev, Evgeni"]
[Result "1-0"]
[WhiteElo "2552"]
[BlackElo "2484"]
[EventDate "2012.03.03"]

1.d4 d6 2.Nf3 g6 3.g3 Bg7 4.Bg2 c6 5.c4 Nf6 6.Nc3 O-O 7.O-O Qa5 8.e4 Be6 
9.Qe2 Nfd7 10.h3 Nb6 11.d5 Bd7 12.Bg5 Re8 13.Rfc1 e6 14.Bd2 Qa6 15.dxe6 
Bxe6 16.b3 N8d7 17.Qd1 Nc5 18.Bf1 Nbd7 19.Qc2 Qb6 20.Rab1 a5 21.Be3 f5 22.
Ng5 fxe4 23.Bg2 Qc7 24.Nxe6 Rxe6 25.Nxe4 Nxe4 26.Bxe4 Rae8 27.Bg2 Rxe3 28.
fxe3 Be5 29.g4 Qb6 30.Qf2 Rf8 31.Qe2 Re8 32.Kh1 Bf6 33.Rf1 Rxe3 34.Qf2 Qc5
35.Rbd1 Re6 36.Qxc5 Nxc5 37.Rfe1 Be5 38.Re3 Kg7 39.a3 Na6 40.Rb1 Re7 41.b4
axb4 42.axb4 Rf7 43.Rf3 Re7 44.Ra3 Rc7 45.b5 cxb5 46.cxb5 Nc5 47.Bd5 Re7 
48.Re1 b6 49.Rf3 g5 50.Ra3 Rc7 51.Re2 Nd7 52.Bc6 Nc5 53.Rea2 Rc8 54.Ra8 
Rxa8 55.Rxa8 h6 56.Ra6 d5 57.Ra7+ Kf6 58.Bxd5 Bd4 59.Rh7 Ke5 60.Ba8 Kf4 
61.Kg2 Nd3 62.Rxh6 Ne1+ 63.Kf1 Nc2 64.Ke2 Nb4 65.Rd6 Ke5 66.Rd8 Bc5 67.Kf3
Na2 68.Rd5+ Kf6 69.Rf5+ 1-0

[Event "28. Cappelle Open"]
[Site "Cappelle la Grande FRA"]
[Date "2012.03.10"]
[Round "9"]
[White "Harikrishna, Pendyala"]
[Black "Gharamian, Tigran"]
[Result "1/2-1/2"]
[WhiteElo "2678"]
[BlackElo "2671"]
[EventDate "2012.03.03"]

1.Nf3 Nf6 2.g3 d5 3.Bg2 e6 4.O-O Be7 5.c4 O-O 6.d4 dxc4 7.Qa4 a6 8.Qxc4 b5
9.Qc2 Bb7 10.Bg5 Nbd7 11.Bxf6 Nxf6 12.Nbd2 Rc8 13.Nb3 Be4 14.Qc3 Nd5 15.
Qc1 Nb4 16.Ne1 Bd5 17.Bxd5 Qxd5 18.Qc3 c5 19.dxc5 Bxc5 20.Nxc5 Qxc5 21.
Qxc5 Rxc5 22.a3 Nd5 1/2-1/2

[Event "28. Cappelle Open"]
[Site "Cappelle la Grande FRA"]
[Date "2012.03.10"]
[Round "9"]
[White "Sanikidze, Tornike"]
[Black "Negi, Parimarjan"]
[Result "1/2-1/2"]
[WhiteElo "2549"]
[BlackElo "2639"]
[EventDate "2012.03.03"]

1.d4 d5 2.c4 e6 3.Nf3 Nf6 4.Nc3 c6 5.cxd5 exd5 6.Qc2 g6 7.Bg5 Be7 8.e3 Bf5
9.Bd3 Bxd3 10.Qxd3 O-O 11.Bxf6 Bxf6 12.h4 Qd6 13.h5 Nd7 14.O-O-O c5 15.
hxg6 hxg6 16.dxc5 Qxc5 17.Kb1 Bxc3 18.Rc1 Qc4 19.Qxc3 Qxc3 20.Rxc3 Nf6 21.
Rc7 Ne4 22.Ne5 Nxf2 23.Rf1 Ne4 24.Rfxf7 Rxf7 25.Nxf7 Rf8 26.Nh6+ Kh8 27.
Nf7+ 1/2-1/2

[Event "28. Cappelle Open"]
[Site "Cappelle la Grande FRA"]
[Date "2012.03.10"]
[Round "9"]
[White "Banusz, Tamas"]
[Black "Kurnosov, Igor"]
[Result "1/2-1/2"]
[WhiteElo "2583"]
[BlackElo "2657"]
[EventDate "2012.03.03"]

1.Nf3 g6 2.c4 Bg7 3.d4 Nf6 4.g3 d5 5.cxd5 Nxd5 6.Bg2 Nb6 7.Nc3 Nc6 8.e3 
O-O 9.O-O Re8 10.d5 Na5 11.Nd4 Bd7 12.b3 c5 13.dxc6 Nxc6 14.Nxc6 Bxc6 15.
Bxc6 bxc6 16.Bb2 c5 17.Qe2 c4 18.bxc4 Qc8 19.Nd5 Bxb2 20.Nxb6 axb6 21.Qxb2
Qxc4 22.Rfc1 1/2-1/2

[Event "28. Cappelle Open"]
[Site "Cappelle la Grande FRA"]
[Date "2012.03.10"]
[Round "9"]
[White "Brodsky, Michail"]
[Black "Lysyj, Igor"]
[Result "1/2-1/2"]
[WhiteElo "2558"]
[BlackElo "2656"]
[EventDate "2012.03.03"]

1.d4 d5 2.c4 c6 3.cxd5 cxd5 4.Nc3 Nf6 5.Bf4 Nc6 6.Nf3 Bf5 7.e3 e6 8.Bd3 
Bxd3 9.Qxd3 Bd6 10.Bxd6 Qxd6 11.O-O O-O 12.Rfc1 Rfc8 13.Nb5 Qf8 14.Ne1 a6 
15.Nc3 Nd7 16.Qd1 Qd6 17.Nd3 Nb4 18.Nxb4 Qxb4 19.Qb3 Qxb3 20.axb3 Nb6 21.
Ne2 1/2-1/2

[Event "28. Cappelle Open"]
[Site "Cappelle la Grande FRA"]
[Date "2012.03.10"]
[Round "9"]
[White "Romanov, Evgeny"]
[Black "Maiorov, Nikita BLR"]
[Result "1/2-1/2"]
[WhiteElo "2625"]
[BlackElo "2552"]
[EventDate "2012.03.03"]

1.g3 d5 2.Nf3 g6 3.Bg2 Bg7 4.c4 c6 5.Qa4 d4 6.O-O Nh6 7.d3 O-O 8.b4 Nf5 9.
Nbd2 Nd7 10.Rb1 a5 11.Ne4 Nd6 12.Nxd6 exd6 13.Bg5 Bf6 14.Bxf6 Qxf6 15.Nd2 
Qe7 16.Rfe1 Nb6 17.Qc2 axb4 18.Rxb4 Nd7 19.Rbb1 Nc5 20.Qb2 Qf6 21.Nf3 Ne6 
22.e3 Qf5 23.Rbd1 dxe3 24.Rxe3 Qa5 25.Rd2 Ng7 26.h4 Ra6 27.Qf6 Qd8 28.Qa1 
h6 29.Qb2 1/2-1/2

[Event "28. Cappelle Open"]
[Site "Cappelle la Grande FRA"]
[Date "2012.03.10"]
[Round "9"]
[White "Kravtsiv, Martyn"]
[Black "Radulski, Julian"]
[Result "1-0"]
[WhiteElo "2588"]
[BlackElo "2552"]
[EventDate "2012.03.03"]

1.e4 e5 2.Nf3 Nc6 3.Bc4 Nf6 4.Ng5 d5 5.exd5 Na5 6.Bb5+ c6 7.dxc6 bxc6 8.
Bd3 Nd5 9.h4 Nf4 10.Bf1 h6 11.Nf3 Bg4 12.d4 Qb6 13.c3 O-O-O 14.Bxf4 exf4 
15.Nbd2 Re8+ 16.Be2 Bxf3 17.gxf3 Qxb2 18.O-O Bd6 19.Rb1 Qa3 20.Ba6+ Kc7 
21.Qc2 Re6 22.Rfe1 Rxe1+ 23.Rxe1 Rb8 24.Qf5 Qxc3 25.Qxf7+ Kb6 26.Bf1 Qxd2 
27.Rb1+ Bb4 28.Qe7 Nb3 29.Rxb3 a5 30.a3 Qc2 31.axb4 Qxb3 32.bxa5+ Kxa5 33.
Qa7+ 1-0

[Event "28. Cappelle Open"]
[Site "Cappelle la Grande FRA"]
[Date "2012.03.10"]
[Round "9"]
[White "Naumkin, Igor"]
[Black "Nyzhnyk, Illya"]
[Result "1/2-1/2"]
[WhiteElo "2452"]
[BlackElo "2585"]
[EventDate "2012.03.03"]

1.d4 Nf6 2.Nf3 g6 3.c4 Bg7 4.Nc3 O-O 5.e4 d6 6.Be2 e5 7.d5 a5 8.Bg5 Na6 9.
Nd2 Qe8 10.O-O Nd7 11.a3 Nb6 12.b3 Bd7 13.Rb1 f6 14.Bh4 Bh6 15.b4 axb4 16.
axb4 Ba4 17.Qc1 f5 18.f3 Bd7 19.Qc2 Be3+ 20.Bf2 f4 21.c5 dxc5 22.Bxa6 cxb4
23.Bxb7 bxc3 24.Qxc3 Ra7 25.Bc6 Bxc6 26.dxc6 Bxf2+ 27.Kxf2 Qe6 28.Kg1 Rd8 
29.Rb5 Ra2 30.Rxe5 Qf7 31.Rf2 Rd6 32.Rb5 Qe6 33.e5 Rxc6 34.Rc5 Rxc5 35.
Qxc5 Nd5 36.Qd4 Ne3 37.h4 Nf5 38.Qxf4 Kg7 39.Ne4 Qb6 1/2-1/2

[Event "28. Cappelle Open"]
[Site "Cappelle la Grande FRA"]
[Date "2012.03.10"]
[Round "9"]
[White "Petrosian, Tigran L"]
[Black "Durarbayli, V"]
[Result "1-0"]
[WhiteElo "2643"]
[BlackElo "2543"]
[EventDate "2012.03.03"]

1.g3 e5 2.Bg2 d5 3.d3 Nf6 4.Nf3 Bd6 5.O-O c6 6.c4 h6 7.Nc3 d4 8.Na4 Na6 9.
a3 c5 10.e3 O-O 11.exd4 exd4 12.Re1 Re8 13.Rxe8+ Qxe8 14.b4 cxb4 15.axb4 
Bxb4 16.Bb2 Bg4 17.h3 Bh5 18.Bxd4 Rd8 19.Bxa7 b5 20.Nb2 Nc5 21.Bb6 Rd6 22.
Bxc5 Bxc5 23.Qc2 bxc4 24.Nxc4 Rd8 25.Nce5 Bxf3 26.Nxf3 Qe7 27.Ra4 g6 28.d4
Bd6 29.Qa2 Rd7 30.Ra5 Bc7 31.Rb5 Kg7 32.Rb1 Nd5 33.Qb2 Rd8 34.Re1 Qb4 35.
Qa2 Bb6 36.Rb1 Qc3 37.Rb5 Qc1+ 38.Kh2 Nc3 39.Qc4 Rd6 40.Ne5 Rf6 41.Rxb6 
Rxf2 42.Rb7 Rxg2+ 43.Kxg2 Qc2+ 44.Kg1 Ne2+ 45.Kf1 Nxg3+ 46.Kg1 Ne2+ 47.Kh2
Nc3+ 48.Kg3 Ne2+ 49.Kf3 Qf5+ 50.Ke3 Qf4+ 51.Kd3 Qf5+ 52.Kd2 Qf4+ 53.Kd1 
Qf1+ 54.Kd2 Qf4+ 55.Kd1 Qf1+ 56.Kc2 Qc1+ 57.Kd3 Qd1+ 58.Ke3 Qg1+ 59.Kd2 
Qg5+ 60.Kd1 Qg1+ 61.Kxe2 Qg2+ 62.Ke3 Qxb7 63.d5 Qe7 64.Qe4 Qc5+ 65.Qd4 
Qc1+ 66.Kf2 Qc2+ 67.Kg3 h5 68.d6 f6 69.Nf3 g5 70.Nxg5 h4+ 71.Kxh4 Qg2 72.
Qa7+ 1-0

[Event "28. Cappelle Open"]
[Site "Cappelle la Grande FRA"]
[Date "2012.03.10"]
[Round "9"]
[White "Kharitonov, Alexandr"]
[Black "Bauer, Christian"]
[Result "1/2-1/2"]
[WhiteElo "2542"]
[BlackElo "2679"]
[EventDate "2012.03.03"]

1.d4 e6 2.c4 Bb4+ 3.Bd2 Qe7 4.Nc3 Nf6 5.e3 c6 6.a3 Ba5 7.Bd3 d5 8.Nf3 dxc4
9.Bxc4 Nbd7 10.O-O O-O 11.Ba2 Bc7 12.Ne2 b6 13.Ng3 c5 14.Rc1 Ba6 15.Bc4 
Bb7 16.Qe2 a6 17.dxc5 Nxc5 18.Rfd1 Rfd8 19.Bb4 Rxd1+ 20.Qxd1 1/2-1/2

[Event "28. Cappelle Open"]
[Site "Cappelle la Grande FRA"]
[Date "2012.03.10"]
[Round "9"]
[White "Apicella, Manuel"]
[Black "Amin, Bassem"]
[Result "1/2-1/2"]
[WhiteElo "2541"]
[BlackElo "2608"]
[EventDate "2012.03.03"]

1.e4 e5 2.Nf3 Nc6 3.Bb5 a6 4.Ba4 Nf6 5.O-O Be7 6.Re1 b5 7.Bb3 O-O 8.c3 d6 
9.h3 Nb8 10.d4 Nbd7 11.Nbd2 Bb7 12.Bc2 Re8 13.Nf1 Bf8 14.Ng3 g6 15.b3 Bg7 
16.d5 Rc8 17.Rb1 c6 18.c4 Qc7 19.Bd3 Nc5 20.Bf1 cxd5 21.cxd5 b4 22.Nd2 h5 
23.h4 a5 24.Nc4 Ba6 25.f3 Na4 26.Nxd6 Nc3 27.Nxe8 Nxe8 28.Qc2 Bf6 29.Bxa6 
Qb6+ 30.Be3 Qxa6 31.Rbc1 Bxh4 32.Bf2 Bg5 33.Be3 Bxe3+ 34.Rxe3 Qa7 35.Qf2 
h4 36.Nf1 Qd4 37.Ree1 Qd3 1/2-1/2

[Event "28. Cappelle Open"]
[Site "Cappelle la Grande FRA"]
[Date "2012.03.10"]
[Round "9"]
[White "Solak, Dragan"]
[Black "Szabo, Krisztian"]
[Result "1/2-1/2"]
[WhiteElo "2602"]
[BlackElo "2538"]
[EventDate "2012.03.03"]

1.e4 e5 2.Nf3 Nc6 3.Bb5 Nf6 4.d3 Bc5 5.Bxc6 dxc6 6.O-O Nd7 7.Nbd2 O-O 8.
Nc4 Re8 9.Be3 Bf8 10.Qd2 c5 11.a3 b6 12.b4 cxb4 13.axb4 Bb7 14.Qc3 Qe7 15.
Rab1 a6 16.Ncd2 Rac8 17.Nc4 Ra8 18.Ncd2 Rac8 19.Nc4 Ra8 20.Ncd2 1/2-1/2

[Event "28. Cappelle Open"]
[Site "Cappelle la Grande FRA"]
[Date "2012.03.10"]
[Round "9"]
[White "Sanchez, Joseph"]
[Black "Fier, Alexandr"]
[Result "0-1"]
[WhiteElo "2526"]
[BlackElo "2599"]
[EventDate "2012.03.03"]

1.e4 c5 2.Nf3 e6 3.Nc3 d6 4.d4 cxd4 5.Nxd4 Nf6 6.Be3 Be7 7.g4 Nfd7 8.Qe2 
a6 9.O-O-O b5 10.Bg2 Bb7 11.f4 b4 12.Nb1 Qc7 13.Nd2 Nb6 14.Kb1 N8d7 15.Rc1
Na4 16.Qc4 Ndc5 17.f5 Qd7 18.g5 Rc8 19.Qxb4 e5 20.N4b3 O-O 21.Nxc5 Nxc5 
22.Rhf1 a5 23.Qa3 d5 24.f6 Bd6 25.Bxc5 Rxc5 26.fxg7 Rb8 27.Bh3 Rc7 28.Qf3 
Qb5 29.Bf5 Bc8 30.b3 Bxf5 31.Qxf5 Ba3 32.Rf3 Rb6 33.Rh3 Rg6 34.c4 Qb4 35.
Rd1 d4 36.Qxe5 Qb7 37.Qe8+ Kxg7 38.Qe5+ Kg8 39.Qd5 Qc8 40.Rh6 Qg4 41.Rxg6+
hxg6 42.Re1 Qh3 43.Qd8+ Kh7 44.Qxd4 Rd7 45.Re3 Qg4 0-1

[Event "28. Cappelle Open"]
[Site "Cappelle la Grande FRA"]
[Date "2012.03.10"]
[Round "9"]
[White "Petkov, Vladimir"]
[Black "Burmakin, Vladimir"]
[Result "1/2-1/2"]
[WhiteElo "2509"]
[BlackElo "2592"]
[EventDate "2012.03.03"]

1.d4 c6 2.c4 d5 3.Nf3 Nf6 4.Nc3 a6 5.a4 Bf5 6.Qb3 Ra7 7.Bg5 e6 8.Bxf6 gxf6
9.g3 Be4 10.Bg2 f5 11.O-O Bg7 12.e3 Bd3 13.cxd5 Bxf1 14.dxe6 Bxg2 15.exf7+
Kf8 16.Kxg2 b6 17.Ne2 Bh6 18.d5 c5 19.a5 Nd7 20.d6 b5 21.Nf4 Bxf4 22.exf4 
Qf6 23.Re1 Qxf7 24.Qd3 Nf6 25.Qxf5 Kg7 26.Re6 Rf8 27.Ng5 Qb7+ 28.Kh3 Qd5 
29.Re5 Qxd6 30.Ne6+ Kg8 31.Nxf8 Qxf8 32.Rxc5 Ne8 33.Qe6+ Qf7 34.Rg5+ Ng7 
35.Qc8+ Qf8 36.Qc6 Qa8 37.Qd6 Qc8+ 38.f5 Rd7 39.Qe5 Rf7 40.Qd5 h6 41.Rg6 
Qxf5+ 42.Qxf5 Rxf5 43.f4 Rd5 44.Rxa6 Rd2 45.Rxh6 Rxb2 46.Rb6 b4 47.a6 Ra2 
48.Rxb4 Rxa6 49.Rb7 Kh7 50.g4 Kg6 1/2-1/2

[Event "28. Cappelle Open"]
[Site "Cappelle la Grande FRA"]
[Date "2012.03.10"]
[Round "9"]
[White "Ramirez Alvarez, Alejandro"]
[Black "Neverov, V"]
[Result "1-0"]
[WhiteElo "2591"]
[BlackElo "2544"]
[EventDate "2012.03.03"]

1.e4 c5 2.Nf3 d6 3.d4 cxd4 4.Nxd4 Nf6 5.Nc3 a6 6.Be2 g6 7.O-O Bg7 8.Bg5 
Nc6 9.Nb3 b5 10.Re1 O-O 11.Bf1 h6 12.Bh4 Bb7 13.a4 b4 14.Nd5 g5 15.Bg3 Nd7
16.Ra2 e6 17.Ne3 Nde5 18.a5 Rc8 19.Qd2 Kh8 20.Be2 Rc7 21.f4 gxf4 22.Bxf4 
Ng6 23.Bxd6 Rd7 24.Nc4 Nge5 25.Nxe5 Rxd6 26.Nxc6 Bxc6 27.Qf4 f5 28.e5 Rd5 
29.Bxa6 Rd1 30.Ra1 Rxa1 31.Rxa1 Qd5 32.Bf1 Rg8 33.Re1 Bf8 34.Re2 Qd1 35.
Qd2 Qb1 36.Nd4 Bd5 37.Re1 Qxb2 38.Nxf5 b3 39.Ne7 Qxc2 40.Qxc2 bxc2 41.Nxg8
Be4 42.Nf6 Bb4 43.Rc1 Bd2 44.Rxc2 Bxc2 45.a6 Bc3 46.Kh1 Bd4 47.Bc4 Kg7 48.
Bxe6 Bd3 49.Bc8 Bb5 50.Bb7 Kf7 1-0

[Event "28. Cappelle Open"]
[Site "Cappelle la Grande FRA"]
[Date "2012.03.10"]
[Round "9"]
[White "Sveshnikov, Evgeny"]
[Black "Vorobiov, Evgeny E"]
[Result "1/2-1/2"]
[WhiteElo "2499"]
[BlackElo "2580"]
[EventDate "2012.03.03"]

1.e4 c5 2.c3 Nf6 3.e5 Nd5 4.d4 cxd4 5.cxd4 d6 6.Nf3 Nc6 7.Bc4 Nb6 8.Bb5 
dxe5 9.Nxe5 Bd7 10.Nc3 Nxe5 11.dxe5 Bxb5 12.Nxb5 Qxd1+ 13.Kxd1 O-O-O+ 14.
Ke2 Rd5 15.a4 Rxe5+ 16.Be3 Nd5 17.Rac1+ Kb8 18.Rhd1 e6 19.Kf3 Rf5+ 20.Ke2 
Re5 21.Kf3 1/2-1/2

[Event "28. Cappelle Open"]
[Site "Cappelle la Grande FRA"]
[Date "2012.03.10"]
[Round "9"]
[White "Borovikov, Vladislav"]
[Black "Kanep, Meelis"]
[Result "0-1"]
[WhiteElo "2579"]
[BlackElo "2516"]
[EventDate "2012.03.03"]

1.d4 d5 2.Nf3 Nf6 3.c4 c6 4.Nc3 e6 5.Bg5 dxc4 6.e4 b5 7.e5 h6 8.Bh4 g5 9.
Nxg5 hxg5 10.Bxg5 Nbd7 11.g3 Qa5 12.exf6 b4 13.Ne4 Ba6 14.Be2 O-O-O 15.O-O
Qf5 16.Bf3 Nc5 17.Qe2 c3 18.Qe3 cxb2 19.Rab1 Qh3 20.Bh4 Rxh4 21.gxh4 Bxf1 
22.Ng3 Bb5 23.dxc5 Qxh4 24.Rxb2 Qxf6 25.Rb3 Qd4 26.Qe1 Bxc5 27.Rb1 Qf4 28.
Kg2 Rd3 29.Bh5 Bc4 30.Rb2 Bd5+ 31.Kf1 Qh4 32.Bxf7 Qh3+ 33.Ke2 Bc4 0-1

[Event "28. Cappelle Open"]
[Site "Cappelle la Grande FRA"]
[Date "2012.03.10"]
[Round "9"]
[White "Sokolov, Andrei1"]
[Black "Mekhitarian, Krikor Sevag"]
[Result "1/2-1/2"]
[WhiteElo "2577"]
[BlackElo "2512"]
[EventDate "2012.03.03"]

1.e4 e5 2.Nf3 Nc6 3.Bb5 a6 4.Ba4 Nf6 5.O-O b5 6.Bb3 Bc5 7.a4 Rb8 8.axb5 
axb5 9.c3 d6 10.d4 Bb6 11.h3 O-O 12.Re1 h6 13.Be3 Re8 14.Nbd2 Bb7 15.dxe5 
Bxe3 16.exf6 Bxd2 17.Qxd2 Qxf6 18.Bd5 Ne5 19.Nxe5 Qxe5 20.Bxb7 Rxb7 
1/2-1/2

[Event "28. Cappelle Open"]
[Site "Cappelle la Grande FRA"]
[Date "2012.03.10"]
[Round "9"]
[White "Degraeve, Jean-Marc"]
[Black "Riff, Jean-Noel"]
[Result "1/2-1/2"]
[WhiteElo "2569"]
[BlackElo "2509"]
[EventDate "2012.03.03"]

1.e4 e6 2.d4 d5 3.Nc3 Nf6 4.exd5 exd5 5.Bg5 Be7 6.Bd3 Nc6 7.Nge2 h6 8.Bh4 
O-O 9.O-O Bg4 10.f3 Be6 11.Bf2 Nb4 12.a3 Nxd3 13.Qxd3 c6 14.Nf4 Bd7 15.
Rfe1 Bd6 16.Bg3 Qc7 17.Nfe2 Bxg3 18.Nxg3 Rae8 19.Qd2 Qd8 20.Na4 Rxe1+ 
1/2-1/2